Приключения капитана Врунгеля: повесть

التفاصيل البيبلوغرافية
المؤلف الرئيسي: Некрасов А. С. Андрей Сергеевич
مؤلفون آخرون: Боковня В. (иллюстратор)
اللغة:الروسية
منشور في: Ленинград, Детская литература, 1988
الموضوعات:
التنسيق: كتاب
KOHA link:https://koha.lib.tpu.ru/cgi-bin/koha/opac-detail.pl?biblionumber=148268

MARC

LEADER 00000nam0a2200000 4500
001 148268
005 20231031145415.0
010 |a 5080000457 
020 |a RU  |b 88-21051 
035 |a (RuTPU)RU\TPU\book\160724 
090 |a 148268 
100 |a 20081201d1988 cd a0rusy5003 ca 
101 0 |a rus 
102 |a RU 
105 |a a z 000ay 
200 1 |a Приключения капитана Врунгеля  |e повесть  |f А. С. Некрасов  |g худож. В. Боковня 
210 |a Ленинград  |c Детская литература  |d 1988 
215 |a 192 с.  |c цв. ил.  |d 22 см 
610 1 |a советская литература 
610 1 |a детская литература 
610 1 |a повести 
610 1 |a приключения 
675 |a Р2  |z rus 
700 1 |a Некрасов  |b А. С.  |g Андрей Сергеевич  |4 070 
702 1 |a Боковня  |b В.  |4 440 
801 0 |a RU  |b RuMRKP  |c 19950417  |g psbo 
801 1 |a RU  |b 63413507  |c 20081201  |g PSBO 
801 2 |a RU  |b 63413507  |c 20081201  |g PSBO 
942 |c BK